Educación de calle : hacia un modelo de intervención en marginación juvenil /

Detalles Bibliográficos
Autor Corporativo: Asociación Cultural La Kalle (Autor)
Formato: Electrónico eBook
Lenguaje:español
Publicado: Madrid : Editorial Popular, [2011]
Colección:Serie Tiempo libre ; 6.
Materias:
Acceso en línea:Digitalia Hispánica

MARC

LEADER 00000nam a2200000Ii 4500
001 DIGPOPL0279
003 NyNyDIG
006 m o d
007 cr |||||||||||
008 241001s2011 sp ob 000 0 spa d
035 |a (OCoLC)1458532405 
040 |a DGITA  |b eng  |e rda  |e pn  |c DGITA 
020 |z 9788478841547 
043 |a e-sp--- 
050 1 4 |a LC4065 ebook 
245 0 0 |a Educación de calle :  |b hacia un modelo de intervención en marginación juvenil /  |c Asociación Cultural La Kalle. 
264 1 |a Madrid :  |b Editorial Popular,  |c [2011] 
300 |a 1 online resource. 
336 |a text  |b txt  |2 rdacontent 
337 |a computer  |b c  |2 rdamedia 
338 |a online resource  |b cr  |2 rdacarrier 
347 |a text file  |2 rdaft 
347 |b PDF 
490 1 |a Tiempo libre 
504 |a Includes bibliographical references. 
588 0 |a Online resource; title from PDF title page (Digitalia, viewed October 1, 2024) 
610 2 0 |a Asociación Cultural La Kalle. 
650 0 |a Children with social disabilities  |x Education  |z Spain  |z Puente de Vallecas (Madrid) 
650 0 |a Marginality, Social. 
710 2 |a Asociación Cultural La Kalle,  |e author. 
791 2 |a Digitalia (Firm),  |e distributor. 
793 0 |g Digitalia eBook Collection:  |a Editorial Popular 
776 0 8 |i Print version:  |t Educación de calle.  |b Quinta edición.  |d Madrid : Editorial Popular, [2011]  |z 9788478841547 
830 0 |a Serie Tiempo libre ;  |v 6. 
856 4 0 |3 Digitalia Hispánica  |u https://www.digitaliapublishing.com/a/155887/ 
910 |a Premium collection: 2024